Akira Kurosawa Filmography - Statistics

General Stats
  • This quiz has been taken 98 times
  • The average score is 47 of 138
Answer Stats
Type Year Name % Correct
Film Director | Film Editor | Film Screenplay 1954 Seven Samurai
96%
Film Director | Film Editor | Film Screenplay 1985 Ran
95%
Film Director | Film Editor | Film Screenplay 1950 Rashomon
87%
Film Director | Film Screenplay 1952 Ikiru
83%
Film Director | Film Editor | Film Production | +2 others 1961 Yojimbo
83%
Film Director | Film Production | Film Screenplay 1963 | TBA High and Low
81%
TV Show Writer 1960 Play of the Week
75%
Film Director | Film Screenplay 1990 Dreams
72%
Film Director | Film Screenplay 1965 Red Beard
65%
Film Director | Film Production | Film Screenplay 1957 Throne of Blood
65%
Film Director | Film Editor | Film Production | Film Screenplay 1958 The Hidden Fortress
63%
Film Director 1962 Sanjuro
61%
Film Director | Film Production | Film Screenplay 1980 Kagemusha: The Shadow Warrior
57%
Film Director | Film Production | Film Screenplay 1949 | 1973 Stray Dog
48%
Film Director | Film Editor | Film Production | Film Screenplay 1960 The Bad Sleep Well
48%
Film Director | Film Screenplay 1948 Drunken Angel
47%
Film Director | Film Screenplay 1975 Dersu Uzala
41%
Film Director | Film Editor | Film Screenplay 1951 The Idiot
36%
Film Director | Film Story 1955 I Live in Fear
33%
Film Director | Film Editor | Film Screenplay 1993 Madadayo
32%
Film Director | Film Editor | Film Screenplay 1943 | 1955 | 1965 Sanshiro Sugata
31%
Film Director | Film Production | Film Screenplay 1970 Dodes'ka-den
29%
Film Director | Film Editor | Film Screenplay 1991 Rhapsody in August
28%
Film Director | Film Editor | Film Screenplay 1945 Sanshiro Sugata, Part Two
28%
Film Director | Film Editor | Film Production | Film Screenplay 1957 The Lower Depths
28%
Film Director | Film Screenplay 1947 One Wonderful Sunday
27%
Film Director | Film Screenplay 1950 Scandal
27%
Film Director | Film Screenplay 1949 The Quiet Duel
21%
Film Director | Film Editor | Film Screenplay 1946 No Regrets for Our Youth
20%
Film Director | Film Screenplay 1945 The Men Who Tread on the Tiger's Tail
20%
Film Director | Film Screenplay 1944 The Most Beautiful
20%
Film Director 1946 Those Who Make Tomorrow
16%
TV Documentary Appearance 1980 Akira Kurosawa
15%
Film Screenplay 1960 | 2016 The Magnificent Seven
13%
Film Screenplay 1970 Tora! Tora! Tora!
13%
Film Editor | Film Screenplay 1941 Uma
12%
Film Screenplay 1985 Runaway Train
11%
Film Editor | Film Screenplay 1947 Snow Trail
11%
Film Screenplay 2002 The Sea Is Watching
11%
Film Screenplay 1964 A Fistful of Dollars
9%
TV Documentary Director 1970 Song of the Horse
9%
Film Screenplay 1999 After the Rain
7%
Film Editor | Film Screenplay 1955 Asunaro Monogatari
7%
Film Screenplay 1950 | 1962 Tateshi Danpei
7%
Film Screenplay 1951 Beyond Love and Hate
5%
Film Screenplay 1944 Dohyo Matsuri
5%
Film Screenplay 1947 Four Love Stories
5%
Film Screenplay 1964 Jakoman to Tetsu
5%
Film Screenplay 1952 Sword for Hire
5%
Film Screenplay 1948 The Portrait
5%
Film Screenplay 1942 Tsubasa no Gaika
5%
Film Screenplay 1942 Currents of Youth
4%
Film Screenplay 1950 Desertion at Dawn
4%
Film Production 1949 Haru no Tawamure
4%
Film Screenplay 2000 I Went To
4%
Film Screenplay 1949 Jakoman and Tetsu
4%
Film Screenplay 1949 Jigoku no Kifujin
4%
Film Screenplay 1950 Jiruba Tetsu
4%
Film Screenplay 1951 Kedamono no Yado
4%
Film Screenplay 1955 Kieta Chutai
4%
Film Story 1996 Last Man Standing
4%
Film Screenplay 1953 My Wonderful Yellow Car
4%
Film Screenplay 1959 Sengoku Gunto-Den
4%
Film Screenplay 1945 The Admirable Ishin Tasuke
4%
Film Screenplay 1964 | 2011 The Outrage
4%
Film Screenplay 2007 Tsubaki Sanjûrô
4%
Film Screenplay 1952 Vendetta of a Samurai
4%
Documentary Appearance 2010 A Message from Akira Kurosawa: For Beautiful Movies
3%
Film Screenplay 2008 Kakushi Toride no san Akunin
3%
Film Screenplay 1968 Xue Cheng
3%
TV Documentary Appearance 1993 Akira Kurosawa: My Life in Cinema
1%
TV Show Creator 2001-2002 Kaze No Yojimbo
1%
Documentary Series Appearance 2002 Kurosawa Akira: Tsukuru to iu koto wa Subarashii
1%
Film Editor 1963 500,000
0%
TV Documentary Appearance 1993 Eiga ni Koishite Aishite ikite Akira Kurosawa & Hayao Miyazaki
0%
Documentary Appearance 2023 Life Work of Akira Kurosawa
0%
No matching quizzes found
Score Distribution
Percent of People with Each Score
Percentile by Number Answered
Your Score History
You have not taken this quiz